000 00900nam a22002537a 4500
005 20110908145123.0
008 110908t xxu||||| |||| 00| 0 eng d
010 _aENG-103794
020 _c995.00
_a9788180387036
035 _aEN-87327
037 _bDBAD/PUB
040 _aDPL
_bEng
082 _a345.025
100 1 _aRashid, M.A.
_934669
245 1 4 _aHandbook on offences and punishments /
_cby M.A.Rashid
250 _a2nd ed
260 _aGurgaon
_bLexis Nexis Butterworths
_c2011
270 _a14th floor,Building No-10, Tower-B,DLF Cyber City Phase-11
_bGurgaon
_e122002
_k0124-4774444
_l91-124-4774100
300 _axx,801p.
_c24cm (Hb)
650 0 _934671
700 _934736
942 _2ddc
_cEN
_mRAS
_h345.025
999 _c56625
_d56625